000 00582cam a2200205 4500500
005 20260329002839.0
041 _afre
042 _adc
100 1 0 _aPortevin, Catherine
_eauthor
245 0 0 _aLévi-Strauss
260 _c2013.
500 _a50
690 _aAnthropologie
690 _aCritique
690 _aDisciple
690 _aGodelier
690 _aLévi-Strauss
786 0 _nPhilosophie magazine | 75 | 12 | 2013-12-01 | p. 61-61 | 1951-1787
856 4 1 _uhttps://shs.cairn.info/magazine-philosophie-magazine-2013-12-page-61?lang=fr&redirect-ssocas=7080
999 _c1818947
_d1818947